000 00470nam a2200169 i 4500
001 70430
003 ES-MaACL
005 20230906170821.0
007 t|
008 040723s1937 sp ||||1| spa d
100 1 _aGarcía Soriano, Justo,
_d1884-1949
_955310
245 1 3 _aEl Museo de Orihuela /
_cpor Justo García Soriano.
260 _aValencia :
_b[s.n.,
_c1938] (
_fTip. Moderna)
300 _a8 h.
852 _aES-MaACL
_j1818-F-6
999 _c70430
_d70430